Membongkar rahsia syaitan
| Main Author: | Al-Bilali, Abdul Hamid |
|---|---|
| Other Authors: | Muhammad Abu Anis |
| Published: |
Selangor:
Cresent News,
2000.
|
| Subjects: |
| LEADER | 00520cam a2200157 7i4500 | ||
|---|---|---|---|
| 001 | 0000000663 | ||
| 005 | 20131206090000.0 | ||
| 020 | |a 9830612007 (pbk.) | ||
| 090 | 0 | 0 | |a BP166.89 |b .B25 2002 |
| 100 | 1 | |a Al-Bilali, Abdul Hamid | |
| 245 | 1 | 0 | |a Membongkar rahsia syaitan |c Abdul Hamid Al-Bilali ; penyunting oleh Muhammad Abu Anis. |
| 260 | |a Selangor: |b Cresent News, |c 2000. | ||
| 300 | |a vii, 287 p.; |c 23 cm. | ||
| 650 | 0 | 0 | |a Devil -- |x Islam |
| 700 | 0 | |a Muhammad Abu Anis | |
| 999 | |a 0000008403 |b BOK |c OPEN SHELF |e 1st Floor, Bestari Jaya | ||


